1274 1472 1903 1860 1425 1362 1995 1221 1214 1979 1643 1618 1665 1689 1055 1048 1360 1913 1898 1584 1222 1490 1448 1674 1994 1207 1361 1552 1759 1129 1138 1144 1697 1761 1829 1918 1290 1267 1118 1400 1594 1748 1432 1982 1540 1006 1288 1176 1207 1580 1281 1086 1905 1309 1294 1134 1316 1844 1181 1940 1936 1399 1096 1208 1512 1339 1285 1364 1778 1212 1383 1961 1228 1447 1629 1131 1332 1789 1106 1732 1786 1412 1496 1260 1450 1346 1819 1532 1110 1458 1366 1304 1120 1125 1090 1846 1928 1947 1034 BCNSPRNW ULIB Ver.6.0+V

เปลี่ยนเป็นภาษาไทย

Change to English
 แสดงรายละเอียดบรรณานุกรม
  กลับหน้าหลัก

Brief Record : Get Marc (ISO 2709) : E-mail record : QR code < ปิดหน้าต่าง
LEADER : 00000nam 2200000uu 4500
001    13399109859
003     ULIB
008    110412s2553||||th 000 0 tha d
020    9786167287225
060 04 WC515^bช576ร 2553
245 00 เรียนรู้และเข้าใจ "ไข้หวัดใหญ่ตามฤดูกาลไข้หวัดนกและไข้หวัดใหญ่สายพันธุ์ใหม่ 2009" /^cศูนย์ฝึกอบรมทักษะการสื่อสาร ฝ่ายกุมารเวชศาสตร์ โรงพยาบาลจุฬาลงกรณ์ ; บรรณาธิการ, ชิษณุ พันธุ์เจริญ, ธันยวีร์ ภูธนกิจ, จรุงจิตร์ งามไพบูลย์
260    กรุงเทพฯ :^bศูนย์ฝึกอบรมทักษะการสื่อสาร ฝ่ายกุมารเวชศาสตร์โรงพยาบาลจุฬาลงกรณ์,^c2553
300    112 หน้า ;^c21 ซม.
650  7 ไข้หวัดใหญ่
650  7 ไข้หวัดนก
650  7 ไข้หวัดใหญ่สายพันธุ์ใหม่ 2009
700 0  ชิษณุ พันธุ์เจริญ,^eบรรณาธิการ
700 0  ธันยวีร์ ภูธนกิจ,^eบรรณาธิการ
700 0  จรุงจิตร์ งามไพบูลย์,^eบรรณาธิการ
710 2  โรงพยาบาลจุฬาลงกรณ์. ^bฝ่ายกุมารเวชศาสตร์.^bศูนย์ฝึกอบรมทักษะการสื่อสาร
945    ^p120^l0^i028279
945    ^p120^l0^i028278
945    ^p120^l0^i028277
945    ^p120^l0^i031576
995    ทศพร
999 ^a ใช้งานได้ทุกระบบ
รายการนี้ยังไม่มีแท็ก
คุณยังไม่ได้ล็อกอิน คุณสามารถมีกิจกรรมร่วมกับเว็บไซต์ได้ แต่ต้องล็อกอินก่อน ::
  ล็อกอิน

รายการสื่อสารสนเทศ

ลำดับที่ ประเภท เลขเรียก/บาร์โค้ด สถานที่ สถานะ
1. วิทยาศาสตร์การแพทย์ และสุขภาพ
หนังสือสำรอง
สถานะ=หนังสือสำรอง
WC515 ช576ร 2553 ฉ.1 
  Barcode: 028277
ห้องสมุดวิทยาเขตสวรรค์ประชารักษ์
►ส่วนจัดเก็บหนังสือเก่า สปร
บนชั้น
  ขอยืม
2. วิทยาศาสตร์การแพทย์ และสุขภาพ
วิทยาศาสตร์การแพทย์ และสุขภาพ
WC515 ช576ร 2553 ฉ.2 
  Barcode: 028278
ห้องสมุดวิทยาเขตสวรรค์ประชารักษ์
►ส่วนจัดเก็บหนังสือเก่า สปร
บนชั้น
  ขอยืม
3. วิทยาศาสตร์การแพทย์ และสุขภาพ
วิทยาศาสตร์การแพทย์ และสุขภาพ
WC515 ช576ร 2553 ฉ.3 
  Barcode: 028279
ห้องสมุดวิทยาเขตสวรรค์ประชารักษ์
►ส่วนจัดเก็บหนังสือเก่า สปร
บนชั้น
  ขอยืม
4. วิทยาศาสตร์การแพทย์ และสุขภาพ
วิทยาศาสตร์การแพทย์ และสุขภาพ
WC515 ช576ร 2553 ฉ.4 
  Barcode: 031576
ห้องสมุดวิทยาเขตสวรรค์ประชารักษ์
►ส่วนจัดเก็บหนังสือเก่า สปร
บนชั้น
  ขอยืม

รายการใกล้เคียง
    หัวเรื่อง [ไข้หวัดใหญ่]
    หัวเรื่อง [ไข้หวัดนก]
    หัวเรื่อง [ไข้หวัดใหญ่สายพันธุ์ใหม่ 2009]

BibComment


ยังไม่เคยถูกคอมเมนท์

คอมเมนท์ทรัพยากรรายการนี้
  คอมเมนท์: เรียนรู้และเข้าใจ..


 Copyright 2026. Bcnsprnw @Library